Deep learning for biometrics (Record no. 6905)
[ view plain ]
| 000 -LEADER | |
|---|---|
| fixed length control field | 00620nam a22002297a 4500 |
| 003 - CONTROL NUMBER IDENTIFIER | |
| control field | OSt |
| 005 - DATE AND TIME OF LATEST TRANSACTION | |
| control field | 20220107122902.0 |
| 008 - FIXED-LENGTH DATA ELEMENTS--GENERAL INFORMATION | |
| fixed length control field | 220106b xxu||||| |||| 00| 0 eng d |
| 020 ## - INTERNATIONAL STANDARD BOOK NUMBER | |
| International Standard Book Number | 9781138578234 |
| 040 ## - CATALOGING SOURCE | |
| Transcribing agency | KUDSIT |
| 082 ## - DEWEY DECIMAL CLASSIFICATION NUMBER | |
| Classification number | 006.31 VAT/D;1 |
| 100 ## - MAIN ENTRY--PERSONAL NAME | |
| Personal name | Vatsa, Mayank |
| 9 (RLIN) | 18918 |
| 245 ## - TITLE STATEMENT | |
| Title | Deep learning for biometrics |
| 260 ## - PUBLICATION, DISTRIBUTION, ETC. | |
| Place of publication, distribution, etc. | New York, |
| Name of publisher, distributor, etc. | CRC Press, |
| Date of publication, distribution, etc. | 2018. |
| 300 ## - PHYSICAL DESCRIPTION | |
| Extent | xii, 316 p. |
| 650 ## - SUBJECT ADDED ENTRY--TOPICAL TERM | |
| Topical term or geographic name entry element | MACHINE LEARNING |
| 9 (RLIN) | 18919 |
| 650 ## - SUBJECT ADDED ENTRY--TOPICAL TERM | |
| Topical term or geographic name entry element | BIOMETRIC IDENTIFICATION |
| 9 (RLIN) | 18920 |
| 650 ## - SUBJECT ADDED ENTRY--TOPICAL TERM | |
| Topical term or geographic name entry element | DEEP LEARNING |
| 9 (RLIN) | 18921 |
| 700 ## - ADDED ENTRY--PERSONAL NAME | |
| Personal name | Richa, Singh, |
| 9 (RLIN) | 18922 |
| 700 ## - ADDED ENTRY--PERSONAL NAME | |
| Personal name | Majumdar, Angshul |
| 9 (RLIN) | 18923 |
| 942 ## - ADDED ENTRY ELEMENTS (KOHA) | |
| Source of classification or shelving scheme | Dewey Decimal Classification |
| Koha item type | Books |
| Withdrawn status | Lost status | Source of classification or shelving scheme | Damaged status | Not for loan | Collection code | Home library | Current library | Shelving location | Date acquired | Cost, normal purchase price | Total Checkouts | Full call number | Barcode | Date last seen | Price effective from | Koha item type |
|---|---|---|---|---|---|---|---|---|---|---|---|---|---|---|---|---|
| Dewey Decimal Classification | Machine Learning/ Deep Learning | Kerala University of Digital Sciences, Innovation and Technology Knowledge Centre | Kerala University of Digital Sciences, Innovation and Technology Knowledge Centre | Computer Science | 06/01/2022 | 8598.00 | 006.31 VAT/D;1 | 5862 | 06/01/2022 | 06/01/2022 | Books |